Statistics for BTS Songs By Youtube Views

Click here to take the quiz!

General Stats

  • This quiz has been taken 102 times
  • The average score is 12 of 15

Answer Stats

StreamsSong Name% Correct
1,541,796,530Dynamite
95%
795,921,499Butter
94%
1,566,204,986Boy With Luv
88%
1,473,711,713DNA
87%
1,152,714,041IDOL
87%
503,621,798ON
85%
1,139,164,497Fake love
82%
1,235,115,485Mic Drop
80%
735,583,982Fire
75%
891,037,929Blood Sweat and tears
72%
521,996,977Permission to dance
72%
725,386,512Dope
68%
488,890,971Spring Day
67%
675,647,034Save me
64%
548,031,664Not today
60%

Score Distribution

Percentile by Number Answered

Percent of People with Each Score

Your Score History

You have not taken this quiz